Plant growth substances: (Record no. 1156)

MARC details
000 -LEADER
fixed length control field 00618nam a22002177a 4500
001 - CONTROL NUMBER
control field BD-DhSAU 1156
003 - CONTROL NUMBER IDENTIFIER
control field BD-DhSAU
005 - DATE AND TIME OF LATEST TRANSACTION
control field 20150203122414.0
008 - FIXED-LENGTH DATA ELEMENTS--GENERAL INFORMATION
fixed length control field 150112b1997 ii a|||| |||| 001 0 eng d
020 ## - INTERNATIONAL STANDARD BOOK NUMBER
International Standard Book Number 8123905262 (CBS)
020 ## - INTERNATIONAL STANDARD BOOK NUMBER
International Standard Book Number 0412039117
040 ## - CATALOGING SOURCE
Original cataloging agency BD-DhSAU
082 ## - DEWEY DECIMAL CLASSIFICATION NUMBER
Edition number 22
Classification number 631.53
Item number ARP
100 ## - MAIN ENTRY--PERSONAL NAME
Personal name Arteca, Richard N.
245 ## - TITLE STATEMENT
Title Plant growth substances:
Remainder of title principles and applications /
Statement of responsibility, etc. Richard N. Arteca
260 ## - PUBLICATION, DISTRIBUTION, ETC. (IMPRINT)
Place of publication, distribution, etc. New Delhi:
Name of publisher, distributor, etc. CBS Publishing & Distributors,
Date of publication, distribution, etc. 1997.
300 ## - PHYSICAL DESCRIPTION
Extent xvi, 332 p. :
Other physical details ill. ;
Dimensions 22 cm.
504 ## - BIBLIOGRAPHY, ETC. NOTE
Bibliography, etc Includes index.
590 ## - Name of Cataloguer
Name of Cataloger roy
650 ## - SUBJECT ADDED ENTRY--TOPICAL TERM
Topical term or geographic name as entry element Plant growth
942 ## - ADDED ENTRY ELEMENTS (KOHA)
Source of classification or shelving scheme Dewey Decimal Classification
Koha item type Book
Holdings
Withdrawn status Lost status Source of classification or shelving scheme Damaged status Not for loan Collection code Home library Branch Name Shelving location Date acquired Total Checkouts Full call number Barcode Date last seen Price effective from Koha item type
    Dewey Decimal Classification   Not For Loan Reference SAU Library SAU Library Reference 28/06/2000   631.53 ARP 29577 12/01/2015 12/01/2015 Book
    Dewey Decimal Classification       SAU Library SAU Library General Stacks 04/08/2009   631.53 ARP 35183 03/02/2015 03/02/2015 Book
    Dewey Decimal Classification       SAU Library SAU Library General Stacks 04/08/2009   631.53 ARP 35182 03/02/2015 03/02/2015 Book
    Dewey Decimal Classification   Not For Loan Reference SAU Library SAU Library Reference 04/08/2009   631.53 ARP 35181 24/05/2015 24/05/2015 Book